Consideraciones intempestivas sobre Europa /

Bibliographic Details
Main Author: Müller-Pelzer, Werner, 1949- (Author)
Other Authors: Vigo Pacheco, Alejandro G. (Translator)
Format: Electronic eBook
Language:Spanish
German
Published: Bogotá, Colombia : Editorial Aula de Humanidades, 2023.
Edition:Primera edición.
Series:Colección Fenomenología y hermenéutica (Editorial Aula de Humanidades)
Subjects:
Online Access:Digitalia Hispánica

MARC

LEADER 00000nam a2200000 i 4500
001 DIGAUHUM0022
003 NyNyDIG
007 cr |||||||||||
008 241211s2023 ck ob 000 1 spa d
006 m o d
035 |a (OCoLC)1478204280 
040 |a DGITA  |b eng  |e rda  |e pn  |c DGITA 
020 |a 9786287625990  |q (versión digital) 
020 |z 9786287625983  |q (versión impresa) 
041 1 |a spa  |h ger 
043 |a e------ 
050 1 4 |a D2021 ebook 
100 1 |a Müller-Pelzer, Werner,  |d 1949-  |e author. 
240 1 0 |a Europa als affektiven Raum erfahren.  |l Spanish  |s (Vigo Pacheco) 
245 1 0 |a Consideraciones intempestivas sobre Europa /  |c Werner Müller-Pelzer ; traductor, Alejandro G. Vigo Pacheco. 
250 |a Primera edición. 
264 1 |a Bogotá, Colombia :  |b Editorial Aula de Humanidades,  |c 2023. 
300 |a 1 online resource. 
336 |a text  |b txt  |2 rdacontent 
337 |a computer  |b c  |2 rdamedia 
338 |a online resource  |b cr  |2 rdacarrier 
347 |a text file  |2 rdaft 
347 |b PDF 
490 1 |a Colección: Fenomenología y Hermenéutica 
504 |a Includes bibliographical references and indexes. 
588 0 |a Online resource; title from PDF title page (Digitalia, viewed December 11, 2024) 
651 0 |a Europe  |x Civilization  |y 21st century. 
700 1 |a Vigo Pacheco, Alejandro G.,  |e translator. 
700 1 |i Translation of:  |a Müller-Pelzer, Werner,  |d 1949-  |t Europa als affektiven Raum erfahren. 
791 2 |a Digitalia (Firm),  |e distributor. 
793 0 |g Digitalia eBook Collection:  |a Editorial Aula de Humanidades 
776 0 8 |i Print version:  |a Müller-Pelzer, Werner, 1949-  |s Europa als affektiven Raum erfahren. Spanish (Vigo Pacheco).  |t Consideraciones intempestivas sobre Europa.  |b Primera edición.  |d Bogotá, Colombia : Editorial Aula de Humanidades, [2023]  |z 9786287625983 
830 0 |a Colección Fenomenología y hermenéutica (Editorial Aula de Humanidades) 
856 4 0 |3 Digitalia Hispánica  |u https://www.digitaliapublishing.com/a/159398/ 
910 |a Premium collection: 2024